01521nam a2200289 a 450000500170000000800410001702000150005804100080007310000230008124502680010425000110037226000440038330000110042750000900043865300520052865300500058065300570063065300520068765300960073965300770083565300770091265300180098965300890100765300250109665300590112165300510118020240412113826.0100810t1983||||ag f |||| 001 0 spa d a9500690179 aspa1 aTieghi, Osvaldo N. aDelitos sexuales.bT.1 Adulterio. Concubinato. Amancebamiento marital. Violacion. Lesiones y homicidio sexuales. Asesinato por lubricidad. Contagio venéreo. Pederastia. Sodomía. Homosexualidad. Incesto. Abuso deshonesto y de adolescentes /cOsvaldo N. Tieghi. a1a ed. aBuenos Aires: bEditorial Abaco;c1983. a477 p. aTieghi, O. N. (1983). Delitos sexuales. T.1 (1a ed.). Buenos Aires : Editorial Abaco. aEtimología, concepto e historia del adulterio aAdulterio en la legislación penal Argentina aConcubinato, barraganería y amancebamiento marital aEtimología y concepto juridico de violación aSupuestos de violación: violación propia e impropia; con violencia real: fisica y moral aSupuestos de violación: violación con violencia supuesta o inductiva aSupuestos de violación: violación con violencia presunta o inductiva aAcceso carnal aDelito de incesto y las causas de agravación del artículo 122 del código penal aTentativa y concurso aAbuso deshonesto y ultraje ciolento al pudor. Concepto aAbuso deshonesto en la legislación Argentina